[Event "2nd GMA World Cup prel  #3"]
[Site "Palma de Mallorca"]
[Date "1989.??.??"]
[Round "9"]
[White "Gurevich, Dmitry"]
[Black "Brustman, Agnieszka"]
[Result "1-0"]
[WhiteElo "2490"]
[BlackElo "2305"]
[EventDate "1989.12.??"]
[PlyCount "101"]

1.d4 Nf6 2.c4 e6 3.g3 c5 4.Nf3 cxd4 5.Nxd4 d5 6.Bg2 e5 7.Nf3 d4 8.O-O Nc6 
9.e3 d3 10.Nc3 Bg4 11.h3 Be6 12.Ng5 Bf5 13.Qb3 Qd7 14.Nd5 h6 15.Nxf6+ gxf6
16.Ne4 Be7 17.Kh2 Be6 18.Rd1 O-O-O 19.Bf1 f5 20.Rxd3 Qc7 21.Nc3 Rxd3 22.
Bxd3 e4 23.Be2 Rd8 24.Nd5 Qd6 25.Bd2 Bxd5 26.cxd5 Qxd5 27.Bc3 Qxb3 28.axb3
Bb4 29.Ra2 Kc7 30.g4 Bd6+ 31.Kg2 fxg4 32.hxg4 Rg8 33.Kh3 Rg5 34.Ra4 f5 35.
gxf5 Rxf5 36.Kg2 Rg5+ 37.Kf1 Bh2 38.Bd1 Rg1+ 39.Ke2 Rg4 40.Bc2 Rg1 41.Rxe4
Rc1 42.Bd3 Bd6 43.Ra4 Bf8 44.Rf4 Be7 45.Rf7 Kd6 46.Rh7 Rh1 47.Be4 Rh4 48.
f4 Rh2+ 49.Kd3 h5 50.Bxc6 bxc6 51.Ke4 1-0

[Event "2nd GMA World Cup prel  #3"]
[Site "Palma de Mallorca"]
[Date "1989.??.??"]
[Round "9"]
[White "Muresan-Juncu, Margareta"]
[Black "Veroci-Petronic, Zsuzsa"]
[Result "1/2-1/2"]
[WhiteElo "2215"]
[BlackElo "2340"]
[EventDate "1989.12.??"]
[PlyCount "21"]

1.Nf3 Nf6 2.c4 g6 3.Nc3 Bg7 4.e4 d6 5.d4 O-O 6.Be2 Nbd7 7.O-O e5 8.Be3 c6 
9.dxe5 dxe5 10.Qc2 Qe7 11.Rfd1 1/2-1/2

[Event "2nd GMA World Cup prel  #3"]
[Site "Palma de Mallorca"]
[Date "1989.??.??"]
[Round "9"]
[White "Zatulovskaya, Tatiana"]
[Black "Denker, Arnold"]
[Result "1-0"]
[WhiteElo "2120"]
[BlackElo "2320"]
[EventDate "1989.12.??"]
[PlyCount "113"]

1.e4 d5 2.exd5 Qxd5 3.Nc3 Qa5 4.d4 Nf6 5.Nf3 Bf5 6.Ne5 Nbd7 7.Nc4 Qa6 8.
Ne3 Qa5 9.Bd2 e6 10.Ncd5 Qxd5 11.Nxd5 exd5 12.Bd3 Bxd3 13.cxd3 O-O-O 14.
O-O Bd6 15.b4 h6 16.Rb1 Nf8 17.b5 Ne6 18.Qa4 Kb8 19.f4 Nd7 20.Be3 f5 21.g3
Rdf8 22.Rbe1 Rhg8 23.Qb3 Nf6 24.Bf2 Nd8 25.Re5 g5 26.fxg5 Ng4 27.Qxd5 Rxg5
28.Rfe1 Bxe5 29.dxe5 Nxf2 30.Kxf2 f4 31.gxf4 Rxf4+ 32.Ke3 Rf8 33.Kd4 Kc8 
34.Kc3 Re8 35.d4 Ne6 36.Qf3 Rf8 37.Qh3 Rgf5 38.Re3 Nf4 39.Qxh6 Nd5+ 40.Kd3
Nxe3 41.Kxe3 Rf3+ 42.Ke4 Rf2 43.h4 Kd7 44.h5 Re8 45.Qg7+ Kc8 46.a4 Rff8 
47.Qg4+ Kb8 48.h6 Rg8 49.Qd7 Rd8 50.h7 Rh8 51.Qg7 Rhf8 52.e6 Rh8 53.Ke5 
Rdf8 54.e7 Re8 55.Ke6 a6 56.Kf7 Kc8 57.Qg4+ 1-0

[Event "2nd GMA World Cup prel  #3"]
[Site "Palma de Mallorca"]
[Date "1989.??.??"]
[Round "9"]
[White "Vreeken, Corry"]
[Black "Heemskerk, Fenny"]
[Result "1-0"]
[WhiteElo "2180"]
[BlackElo "2020"]
[EventDate "1989.12.??"]
[PlyCount "109"]

1.e4 c6 2.d4 d5 3.exd5 cxd5 4.c4 Nf6 5.Nc3 e6 6.Nf3 Nc6 7.cxd5 Nxd5 8.Bc4 
Bb4 9.Qd3 Nb6 10.Bb3 O-O 11.O-O Qf6 12.Ne4 Qf5 13.Bg5 h6 14.Nh4 Qh7 15.Bf6
Kh8 16.Be5 Rd8 17.Qe3 Nxe5 18.dxe5 Nd5 19.Qe2 Bd7 20.Bc2 Qg8 21.f4 Rac8 
22.Rac1 Be7 23.g3 Bxh4 24.gxh4 a6 25.Qf2 Bb5 26.Rfe1 Nb4 27.Nd6 Rxc2 28.
Rxc2 Nd3 29.Qg3 Nxe1 30.Qxe1 Qf8 31.Rd2 Kg8 32.h5 Qe7 33.Kg2 Bc6+ 34.Kg3 
f6 35.h4 fxe5 36.Qxe5 Bd5 37.Nf5 Qf6 38.Qxf6 gxf6 39.Nxh6+ Kg7 40.Ng4 Rc8 
41.h6+ Kg6 42.h5+ Kf5 43.Re2 Bxa2 44.h7 e5 45.fxe5 Kg5 46.Nxf6 Be6 47.Rg2 
Rh8 48.Kf3+ Kf5 49.Re2 b5 50.Kg3 a5 51.Kh4 Bc4 52.Rf2+ Kxe5 53.Kg5 Bd3 54.
Kh6 Rb8 55.Nd7+ 1-0